|
|
|
|
| LEADER |
00915cam a2200337 i 4500 |
| 001 |
000045775 |
| 003 |
4971 |
| 005 |
20030304145127.0 |
| 008 |
010220|1999 vm 000 eng |
| 020 |
|
|
|a 0873529758
|
| 040 |
|
|
|a IRC
|c IRC
|d IRC
|
| 041 |
0 |
|
|a eng
|
| 082 |
1 |
4 |
|a 808.027
|b GI-J
|
| 100 |
1 |
|
|a Gibaldi, Joseph,
|d 1942-
|
| 245 |
0 |
0 |
|a MLA handbook for writers of research papers /
|c Joseph Gibaldi.
|
| 250 |
|
|
|a 5th ed.
|
| 260 |
|
|
|a New York :
|b The Modern Language Association of America,
|c 1999.
|
| 300 |
|
|
|a xviii, 332p.
|
| 630 |
0 |
4 |
|a Report writing.
|
| 650 |
0 |
4 |
|a Report writing
|v Handbooks, manuals, etc.
|
| 650 |
0 |
4 |
|a Research
|v Handbooks, manuals, etc.
|
| OWN |
|
|
|a DUT
|
| 999 |
|
|
|a From the UDN01
|
| TYP |
|
|
|a Monograph
|
| TYP |
|
|
|a Printed language
|
| 980 |
|
|
|a Mạng thư viện Đại học Đà Nẵng
|